000
00220nam a22000977a 4500
999
_c
521802
_d
521802
082
_a
TNC
100
_a
Gyan, Ramana
_9
36033
245
_a
Direct Path
260
_a
New Delhi
_b
Vijay Financial Services
_c
2007
300
_a
48p.